Vista normal
Vista MARC
Entrada Materia (personas)
Número de registros utilizados en: 1
001 - CONTROL NUMBER
- control field: 62752
003 - CONTROL NUMBER IDENTIFIER
- control field: Co-BoUCM
005 - DATE AND TIME OF LATEST TRANSACTION
- control field: 20140709130022.0
008 - FIXED-LENGTH DATA ELEMENTS
- fixed length control field: 140709|| aca||aabn | a|a d
040 ## - CATALOGING SOURCE
- Original cataloging agency: Co-BoUCM
- Transcribing agency: Co-BoUCM
100 ## - HEADING--PERSONAL NAME
- Personal name: Méliot, A.
- Fuller form of name: (Adolphe)
670 ## - SOURCE DATA FOUND
- Source citation: Work cat.: (Co-BoUCM): Méliot, A. (Adolphe), La nouvelle Loi Anglaise sur les Societés par Actions, 1909